000 00842nam a2200205Ia 4500
001 14870
003 GE_BSU
008 181216s||||||||xx |||||||||||||| ||und||
040 _cGE_BSU
080 _a51.(075.32)
100 _aБаранов И.А.,Богатырев, Г.И., Боковнев, О.А.
245 _aМатематика для подготовительных курсов техникумов на базе 8 классов средней школы.
245 _bУчебное пособие для сред. учеб. завед.
260 _aМосква
260 _bНаука.
260 _c1983
300 _a335стр. 22см.
653 _aМатематика для подготовительных курсов техникумов на базе 8 классов средней школы.
942 _cBK
999 _c47992
_d47992